000 00575nam a2200217Ia 4500
003 OSt
005 20220928144111.0
006 a|||||r|||| 00| 0
007 ta
008 220927b |||||||| |||| 00| 0 eng d
024 _a24308
037 _cTextual
040 _aSDCL
_cSDCL
_beng
041 _2eng
_aeng
082 _aI:686, P3
100 _aStewart C Neal Ed.
_9438982
245 0 _aTransgenic plants
_b Current innovations and future trends.
260 _c2003
942 _hI:686, P3
_cTEXL
_2CC
999 _c826222
_d826222